|
|
|
|
| LEADER |
00000nam0a2200000 4500 |
| 001 |
361263 |
| 005 |
20231102011354.0 |
| 035 |
|
|
|a (RuTPU)RU\TPU\retro\18589
|
| 090 |
|
|
|a 361263
|
| 100 |
|
|
|a 20210602d1980 m y0rusy50 ca
|
| 101 |
0 |
|
|a rus
|
| 102 |
|
|
|a RU
|
| 105 |
|
|
|a a z 001zy
|
| 200 |
1 |
|
|a Слесарь-ремонтник металлорежущих станков
|f И. С. Стерин
|
| 210 |
|
|
|a Ленинград
|c Лениздат
|d 1980
|
| 215 |
|
|
|a 286 с.
|c ил.
|
| 225 |
1 |
|
|a Для молодых рабочих
|
| 320 |
|
|
|a Библиогр.: с. 282-283
|
| 606 |
1 |
|
|a Металлорежущие станки
|x Ремонт
|x Технический контроль
|x Материалы
|x Приспособления
|2 stltpush
|3 (RuTPU)RU\TPU\subj\42648
|9 62307
|
| 610 |
1 |
|
|a планово-предупредительный ремонт
|
| 610 |
1 |
|
|a ремонтные работы
|
| 610 |
1 |
|
|a технологическая документация
|
| 610 |
1 |
|
|a детали
|
| 610 |
1 |
|
|a восстановимость
|
| 610 |
1 |
|
|a узлы
|
| 610 |
1 |
|
|a гидравлические системы
|
| 610 |
1 |
|
|a износ
|
| 610 |
1 |
|
|a монтаж
|
| 675 |
|
|
|a 621.9.06.004.67
|v 4
|
| 700 |
|
1 |
|a Стерин
|b И. С.
|g Иосиф Самойлович
|
| 801 |
|
1 |
|a RU
|b 63413507
|c 20210602
|
| 942 |
|
|
|c BK
|